000 00626nam a2200217 a 4500
001 BRL_704
005 20190320210848.0
008 270913s1935----gw-#######---#000-0#ger-#
041 _ager
044 _agw
050 4 _aPT2647.I45
_b.W55 1935
100 1 _aWildgans, Anton
_d1881-1932
_924690
245 1 0 _aMusik der Kindheit
_bEin Heimatbuch aus Wien
_cAnton Wildgans.
260 _aLeipzing, Alemania
_bL. Staackmann
_c1935
300 _a254 p.
_c19 cm.
500 _aAu786
650 1 4 _aLiterarura alemana
_924691
651 4 _aVienna (Austria)
_vNovela
_xVida social y costumbre
_924692
902 _aGRL
942 _2lcc
_cB
999 _c9516
_d9516